|
|
|
|
| LEADER |
00749nam a22002292a 4500 |
| 001 |
000942345 |
| 003 |
CZ BrMZK |
| 005 |
20090623123212.0 |
| 007 |
ta |
| 008 |
090529s1971 ru er|||||||||||rus d |
| 040 |
|
|
|a ABA001
|b cze
|c ABA001
|d BOA001
|
| 080 |
9 |
|
|a 882-322.9(081)=82
|
| 100 |
1 |
|
|a Kolpakov, Aleksandr Lavrent'jevič,
|d 1922-
|7 xx0064397
|4 aut
|
| 245 |
1 |
0 |
|a Netlennyj luč :
|b rasskazy /
|c Aleksandr Lavrent'jevič Kolpakov
|
| 260 |
|
|
|a Moskva :
|b Sovetskaja Rossija,
|c 1971
|
| 300 |
|
|
|a 110 s.
|
| 490 |
1 |
|
|a Korotkije povesti i rasskazy
|
| 830 |
|
0 |
|a Korotkije povesti i rasskazy
|
| 910 |
|
|
|a BOA001
|b 1-0670.026
|
| 990 |
|
|
|a BK
|
| 991 |
|
|
|b 200905
|
| 996 |
7 |
|
|b 2619512313
|c 1-0670.026
|l MZK
|r Sklad / do 1 hodiny
|n 0
|w 000942345
|u 000010
|a 1
|e BOA001
|j MZK50
|s A
|